| 000 | 01067cam a2200313Ia 4500 | ||
|---|---|---|---|
| 001 | 75946 | ||
| 005 | 20230410132634.0 | ||
| 008 | 941212s1994 nyu 000 0 eng d | ||
| 035 | _a(OCoLC)ocm31674314 | ||
| 040 |
_aBKL _cBKL _dNVC _dOCLCQ _dBAKER _dBTCTA _dYDXCP _dH4N _dSINLB _dWAU |
||
| 020 |
_a0452272793 : _c$11.95 |
||
| 020 | _a9780452272798 | ||
| 029 | 1 |
_aNLGGC _b043169503 |
|
| 029 | 1 |
_aYDXCP _b1648600 |
|
| 035 | _a(OCoLC)31674314 | ||
| 050 | 1 | 4 |
_aPS 3525 _bM219a 1994 |
| 082 | 0 | 0 | _a818.5 |
| 049 | _aGRAL | ||
| 100 | 1 |
_aMailer, Norman, _d1923-2007. |
|
| 245 | 1 | 4 |
_aThe armies of the night : _bhistory as a novel, the novel as history / _cby Norman Mailer. |
| 260 |
_aNew York, N.Y. : _bPlume, _c[1994] |
||
| 300 |
_a288 p. ; _c21 cm. |
||
| 500 | _aReprint. Originally published: New York, N.Y. : New American Library, 1968. | ||
| 938 |
_aBaker & Taylor _bBKTY _c15.00 _d11.25 _i0452272793 _n0002488146 _sactive |
||
| 938 |
_aBaker and Taylor _bBTCP _nbl 99765162 |
||
| 938 |
_aYBP Library Services _bYANK _n1648600 |
||
| 942 |
_2lcc _cbk |
||
| 994 |
_aC0 _bDRFGD |
||
| 999 |
_c85129 _d85129 |
||